000 01252cam a22003131i 4500
001 14531327
003 EG-ScBUE
005 20250527093902.0
008 060901s2006 enka f b 001 0 eng d
020 _a0521821169 (hbk.)
020 _a9780521821162
035 _a(OCoLC)ocm61757080
040 _aEG-ScBUE
_beng
_erda
_cEG-ScBUE
_dEG-ScBUE
082 0 4 _a530.44
_222
_bBEL
100 1 _aBellan, Paul Murray,
_d1948-
_eauthor.
245 1 0 _aFundamentals of plasma physics /
_cPaul M. Bellan, California Institute of Technology.
264 1 _aCambridge, UK :
_bCambridge University Press,
_c2006.
300 _axvii, 609 pages :
_billustrations ;
_c26 cm
336 _2rdacontent
_atext
_btxt
337 _aunmediated
_2rdamedia
_bn
338 _avolume
_bnc
_2rdacarrier
504 _aIncludes bibliographical references and index.
650 7 _aPlasma (Ionized gases)
_2BUEsh
655 _vReading book
856 4 2 _3Publisher description
_uhttp://www.loc.gov/catdir/enhancements/fy0668/2006298199-d.html
856 4 1 _3Table of contents only
_uhttp://www.loc.gov/catdir/enhancements/fy0668/2006298199-t.html
856 4 2 _3Contributor biographical information
_uhttp://www.loc.gov/catdir/enhancements/fy0732/2006298199-b.html
942 _2ddc
_cBB
999 _c10499
_d10499